000 00468nmm a2200157Ia 4500
008 251105s9999||||xx |||||||||||||||||und||
020 _a9789588371306
041 _aspa
100 _aGrupo Editorial Nueva Legislación LTDA
245 0 _aCódigo sustantivo y procesal del trabajo
264 _a[Bogotá, Colombia] :
_bNueva Legislacion,
_c2010
300 _a794 páginas
650 _aLaw
856 _uhttps://public.digitaliapublishing.com/a/13622
942 _cCF
999 _c96579
_d96579